| 000 | 00782nam a22002537a 4500 | ||
|---|---|---|---|
| 001 | 81099 | ||
| 003 | UA-OsUOA | ||
| 005 | 20201130193031.0 | ||
| 007 | ta | ||
| 008 | 20120118b un ||||| |||| 00| 0 ukr d | ||
| 020 | _a5-308-00535-4 | ||
| 040 |
_aUA-OsUOA _bukr _cUA-OsUOA _dUA-OsUOA |
||
| 041 | _aukr | ||
| 080 | _a821.161.2 | ||
| 090 |
_a821.161.2 _bК90 |
||
| 100 | _aКуліш П. | ||
| 245 | _aТвори в двох томах | ||
| 260 |
_aК. _bДніпро _c1989 |
||
| 300 | _a586 с. | ||
| 505 |
_gт. 2 _tЧорна рада. Хроніка 1663 року. Оповідання. Драматичні твори. Статті та рецензії |
||
| 650 | 7 |
_a82 Література. Літературознавство _2UDC |
|
| 942 |
_cBK _2udc |
||
| 955 | _a3 | ||
| 999 |
_c367402 _d367402 |
||